00889nam a22002297a 450000500170000001000190001702000590003603500180009503700090011308200110012224501190013325000060025226000510025827001330030930000250044230000250046730000250049249000100051750001020052770000170062970000130064620250709110812.0 aENG-145869-871 c8000.00(set of 3 books)a9788183153461(set of 3 books) aEN-129401-403 bDBAD a954.11 aKalhana's Rajatarangini:bA Chronicle Of The Kings Of Kashmir/cTranslated by M. A. Stein and Re-Edited by S. Jain a1 aNew DelhibNew Bhartiya Book Corporationc2019 bNew Delhia208, 2nd Floor, Prakashdeep Building, 4735/22, Ansari Road, Daryaganj, New Delhi e110002k011-23280214k011-23280209 a703 p. c24.6 cm(hb) a1543 p.c24.5 cm(hb) a1898 p.c24.4 cm(hb) v1,2,3 aVolume 1(Introduction, Books 1-6) Volume 2(Books 7-8) Volume 3(Notes, Geographical Memoir, Index) aStein, M.A.  aJain, S.